000 00318nam a22001337a 4500
008 170606b xxu||||| |||| 00| 0 eng d
020 _a9781587787256
041 _aeng
080 _a327
100 _a18
101 _aSHH
245 _aFOUNDATIONS OF INTERNATIONAL LAW AND POLITICS
_cHATHAWAY, O.A
942 _2udc
_cBK
999 _c16059
_d16059